Southville International School and Colleges
Your cart is empty.
  • Cart
  • Lists
    Public lists Eva Luna New books Lux_list list_1
    Your lists Log in to create your own lists
  • Log in to your account
  • Your cookies
  • Search history
Southville International School and Colleges
  • Advanced search
  • Recent comments
  • Most popular
  • Libraries

Log in to your account

Log in with GOOGLE


If you do not have an external account, but do have a local account, you can still log in:

  1. Home
  2. MARC view: Principles of total quality management
Normal view MARC view ISBD view

Principles of total quality management (Record no. 367400)

[ view plain ]
MARC details
000 -LEADER
fixed length control field 00683nam a22002057a 4500
003 - CONTROL NUMBER IDENTIFIER
control field 0
005 - DATE AND TIME OF LATEST TRANSACTION
control field 20250423155618.0
008 - FIXED-LENGTH DATA ELEMENTS--GENERAL INFORMATION
fixed length control field 250423b xxu||||| |||| 00| 0 eng d
020 ## - INTERNATIONAL STANDARD BOOK NUMBER
International Standard Book Number 978-971-9655-93-0
050 ## - LIBRARY OF CONGRESS CALL NUMBER
Classification number HD 62.15
Item number .P37 2024
100 ## - MAIN ENTRY--PERSONAL NAME
Personal name Pasahol, Jhon Ven Saint L.
245 ## - TITLE STATEMENT
Title Principles of total quality management
Statement of responsibility, etc Jhon Ven Saint L. Pasahol
260 ## - PUBLICATION, DISTRIBUTION, ETC. (IMPRINT)
Place of publication, distribution, etc Intramuros, Manila
Name of publisher, distributor, etc Mindshapers, Co. Inc.
Date of publication, distribution, etc C2024
300 ## - PHYSICAL DESCRIPTION
Extent vii, 174 pages ;
Dimensions 25cm.
504 ## - BIBLIOGRAPHY, ETC. NOTE
Bibliography, etc Includes bibliographical references.
650 ## - SUBJECT ADDED ENTRY--TOPICAL TERM
Topical term or geographic name as entry element Total quality management.
650 ## - SUBJECT ADDED ENTRY--TOPICAL TERM
Topical term or geographic name as entry element Industrial management—Quality control.
650 ## - SUBJECT ADDED ENTRY--TOPICAL TERM
Topical term or geographic name as entry element Organizational effectiveness.
942 ## - ADDED ENTRY ELEMENTS (KOHA)
Source of classification or shelving scheme Library of Congress Classification
Koha item type Books
Holdings
Withdrawn status Lost status Source of classification or shelving scheme Damaged status Home library Current library Shelving location Date acquired Source of acquisition Sub Shelving location Total Checkouts Full call number Barcode Date last seen Price effective from Koha item type
    Library of Congress Classification   College Library College Library Filipiniana Section 04/23/2025 Library Fund     HD 62.15 .P37 2024 C24356 04/23/2025 04/23/2025 Books
    Library of Congress Classification   College Library College Library Filipiniana Section 04/23/2025 Library Fund     HD 62.15 .P37 2024 C24357 04/23/2025 04/23/2025 Books
    Library of Congress Classification   College Library College Library Filipiniana Section 04/23/2025 Library Fund     HD 62.15 .P37 2024 C24355 04/23/2025 04/23/2025 Books

Principles of total quality management

APA

Pasahol J. V. S. L., . (2024). Principles of total quality management. Intramuros, Manila: Mindshapers, Co. Inc.

Chicago

Pasahol Jhon Ven Saint L, . 2024. Principles of total quality management. Intramuros, Manila: Mindshapers, Co. Inc.

Harvard

Pasahol J. V. S. L., . (2024). Principles of total quality management. Intramuros, Manila: Mindshapers, Co. Inc.

MLA

Pasahol Jhon Ven Saint L, . Principles of total quality management. Intramuros, Manila: Mindshapers, Co. Inc. 2024.

  • Place hold
  • Print
  • Cite
  • Add to your cart (remove)
  • Save record
    BIBTEX Dublin Core MARCXML MARC (non-Unicode/MARC-8) MARC (Unicode/UTF-8) MARC (Unicode/UTF-8, Standard) MODS (XML) RIS
  • More searches
    Search for this title in:
    Other Libraries (WorldCat) Other Databases (Google Scholar) Online Stores (Bookfinder.com) Open Library (openlibrary.org)

Exporting to Dublin Core...

SOUTHVILLE LIBRARY

Southville International School and Colleges Library

1281 Tropical Ave. Cor. Luxembourg St., BF Homes International, Las Pinas City

Tel. No. 8256374 / 252358 Loc. 117/146

Powered by Koha